| 000 | 01251nam a22002771i 4500 | ||
|---|---|---|---|
| 003 | SA-RiAUC | ||
| 005 | 20241202145940.0 | ||
| 008 | 241202s2002 le g 000 0 ara c | ||
| 040 |
_aSA-JeALM _bara _cSA-RiAUC _erda |
||
| 082 | 0 | 4 | _a251 |
| 090 |
_a251 _b ب و ر |
||
| 100 | 1 |
_aالبورنو، محمد صدقي بن أحمد بن محمد، _d1931- _eمؤلف. |
|
| 245 | 1 | 0 |
_aكتاب كشف الساتر بشرح غوامض روضة الناظر / _cمحمد صدقي بن أحمد بن محمد البورنو. |
| 246 | 3 | 0 | _aكشف الساتر بشرح غوامض روضة الناظر |
| 250 | _aالطبعة الاولى : | ||
| 264 | 1 |
_aبيروت : _bمؤسسة الرسالة، _c2002 |
|
| 300 |
_a2 مجلد؛ _c24 سم |
||
| 336 |
_aنص _btxt _2rdacontent _3كتاب |
||
| 337 |
_aبدون وسيط _bn _2rdamedia |
||
| 338 |
_aمجلد _bnc _2rdacarrier |
||
| 650 | 7 |
_aأصول الفقه الإسلامي _2aucsh |
|
| 700 | 1 | 2 |
_aابن قدامة، عبد الله بن أحمد، _d541-620 هجري _tروضة الناظر وجنة المناظر في أصول الفقه. |
| 740 | 0 | 2 | _aروضة الناظر وجنة المناظر في أصول الفقه. |
| 942 |
_2ddc _cBOOK _n0 |
||
| 949 |
_aSA-JeALM _d241202 _uosman123 _n1 |
||
| 999 |
_c2966 _d2966 |
||